Québec, Canada

Uložené v:
Podrobná bibliografia
Médium: Kniha
Jazyk:English
Vydavateľské údaje: Paris OECD 2010
Edícia:OECD rural policy reviews
Predmet:
Tagy: Pridať tag
Žiadne tagy, Buďte prvý, kto otaguje tento záznam!

MARC

LEADER 00000nam$a2200000$$$4500
001 0124598
005 20240315121148.8
020 |a 978-92-64-08214-4 
041 0 |a eng 
044 |a FR 
245 1 0 |a Québec, Canada 
264 1 |a Paris  |b OECD  |c 2010 
300 |a 302 s. 
490 1 |a OECD rural policy reviews 
830 0 |a OECD rural policy reviews 
610 2 0 |a vidiek 
610 2 0 |a politika regionálna 
610 2 0 |a rozvoj regionálny 
610 2 0 |a situácia hospodárska 
610 2 0 |a Kanada